| 000 | 00926pam a2200301 a 4500 | ||
|---|---|---|---|
| 001 | 2561059 | ||
| 003 | OSt | ||
| 005 | 20140310184441.0 | ||
| 008 | 950606s1996 nyua j 000 1 eng | ||
| 010 | _a 95030641 | ||
| 020 | _a0531071391 | ||
| 040 |
_aDLC _cDLC _dDLC |
||
| 042 | _alcac | ||
| 050 | 0 | 0 |
_aPZ 7 _b.P63123Pap 2004 |
| 100 | 1 |
_aPilkey, Dav. _d1966- _927491 |
|
| 245 | 1 | 4 |
_aThe paperboy / _cstory and paintings by Dav Pilkey. |
| 246 | 3 | _aPaper boy | |
| 260 |
_aNew York : _bScholastic Inc., _c2004. |
||
| 300 |
_a[32 p.] : _bcol. ill. ; _c26 cm. |
||
| 521 | _aG3 | ||
| 526 | _c530 | ||
| 650 | 1 |
_aNewspaper carriers _xFiction. _927492 |
|
| 650 | 1 |
_aMorning _xFiction. _927493 |
|
| 906 |
_a7 _bcbc _corignew _d1 _eocip _f19 _gy-gencatlg |
||
| 942 |
_2lcc _cBK-SCHOLAS |
||
| 999 |
_c34457 _d34457 |
||